One Piece: personnages saga Ennies Lobby - Statistiques

Statistiques générales
  • Ce quiz a été pris 373 fois
  • Le résultat moyen est 41 sur 78
Statistiques - réponses
Hint Réponse % Correct
Capitaine de l'équipage au chapeau de paille Monkey D Luffy
100%
Combattant de l'équipage au chapeau de paille Roronoa Zoro
100%
Navigatrice de l'équipage au chapeau de paille Nami
99%
Archéologue de l'équipage au chapeau de paille Nico Robin
99%
Médecin de l'équipage au chapeau de paille Tony Tony Chopper
99%
Tireur de l'équipage au chapeau de paille Usopp
99%
Cuisinier de l'équipage au chapeau de paille Vinsmoke Sanji
99%
Capitaine de l'équipage du Renard argenté Foxy le renard blanc
95%
Chef de la Franky Family Franky
93%
Membre du Cp 9 Lucci
91%
Membre du Cp 9 Kaku
90%
Amiral de la Marine Aokiji
88%
Membre du Cp 9 Kalifa
87%
Maire de Water Seven Iceburg
85%
Le Roi des sniper Sniperking
84%
Commandant du Cp 9 Spandam
81%
Maître charpentier qui a construit l'Oro Jackson Tom
80%
Capitaine de l'équipage du Roux Shanks le Roux
78%
Capitaine de l'équipage de Barbe noire Marshall D Teach
77%
Membre du Cp 9 Blueno
75%
L'homme le plus fort du Monde Edward Newgate
75%
Commandant de la seconde flotte du Moby Dick Ace aux poings ardents
74%
Commandant de la première flotte du Moby Dick Marco le phénix
74%
Charpentier de Water Seven Pauly
74%
Gardienne de gare du Puffing Tom Cocoro
72%
Mère d'un membre de l'équipage au Chapeau de Paille Nico Olvia
72%
Membre du Cp 9 Jabura
71%
Ex Vice Amiral de la marine devenu Amiral par la suite Sakazuki Akainu
67%
Timonier de l'équipage de Barbe noire Jesus Burgess
64%
Commandant de la 3ème flotte du Moby Dick Diammond Joz
63%
Médecin de l'équipage de Barbe noire Doc Q
63%
Navigateur de l'équipage de Barbe noire Laffite
58%
Tireur de l'équipage de Barbe noire Van Augur
58%
Vice Amiral de la marine Monkey D Garp
56%
Archéologue d'Ohara Clover
53%
Membre du Cp 9 Fukuro
52%
Lieutenante de la Franky Family Kiwi
49%
1ère classe de la Marine Kobby
49%
Membre du Cp 9 Kumadori
49%
2ème classe de la Marine Hermep
47%
Petite fille de water seven Chimney
46%
Vice Amiral de la marnie déployé suite au Buster Call Momonga
45%
Ex Vice Amiral de la marine mort à Ohara portant la lettre D Haguar D Sauro
44%
Colonel de la marine présent dans le train qui escorte 2 criminels T-Bone
44%
Epée du Commandant du Cp 9 Funkfreed
43%
Père du Commandant du Cp 9 Spandine
43%
Crapaud qui nage en crawl Yokozuna
43%
Pigeon d'un membre du Cp 9 Hattori
41%
Lieutenante de la Franky Family Mozu
39%
Membre du Cp 9 Nero
39%
Membre du Cp 7 Wanze
39%
Lieutenant de l'équipage du Renard argenté Hamburg
37%
Géant Gardien d'Ennies Lobby Oimo
37%
Lieutenant de l'équipage du Renard argenté Porche
36%
Yagara de la Franky Family Sodome
35%
Habitant de Long ring long Land Tonjit
31%
Charpentier de Water Seven Tilestone
30%
Cheval de Long ring long Land Shelly
29%
Yagara de la Franky Family Gomorrhe
28%
Lapin de la petite fille Gonbe
27%
Juge d'Ennies Lobby Baskerville
25%
Vice Amiral de la marnie déployé suite au Buster Call Doberman
25%
Charpentier de Water Seven Peeply Lulu
24%
Animal du maire de Water Seven Tyrannosaure
24%
Vice Amiral de la marnie déployé suite au Buster Call Strawberry
22%
Lieutenant de la Franky Family Zanbaï
20%
Candidat au Daivy Back Fight de l'équipage du Renard argenté Big Pan
19%
Vice Amiral de la marnie déployé suite au Buster Call Onigumo
19%
Géant Gardien d'Ennies Lobby Karsee
18%
Membre du Cp 6 Jerry
17%
Candidat au Daivy Back Fight de l'équipage du Renard argenté Pickles
16%
Candidat au Daivy Back Fight de l'équipage du Renard argenté Kapoty
12%
Père d'un membre du Cp 9 Laskey
10%
Membre du Gouvernement mondial Corgi
9%
Commentateur du Daivy Back Fight de l'équipage du Renard argenté Lombric
9%
Requin candidat au Daivy Back Fight de l'équipage du Renard argenté Monda
8%
Vice Amiral de la marnie déployé suite au Buster Call Yamakaji
8%
Pirate attaquant Water Seven Mikazuki
7%
Aucun quiz correspondant
Distribution des résultats
% des personnes avec chaque résultat
Percentile par nombre de réponses
Votre historique - résultats
Vous n’avez pas pris ce quiz